00453nam a2200169Ia 4500003000400000005001700004008004000021020001500061040000700076041000800083082001300091100002400104245005800128260006000186300001700246700002000263OSt20250825162535.0210210b2004 xxu||||| |||| 00| 0 eng d a8120325869 cAL aeng a323 MONC aMahmood Monshipouri aConstructing human rights in the age of globalization aNew delhibPrentice-Hall of India Private Limitedc2004 axxxiii,353p. aEnglehart, Neil